000
00221 a2200097 4500
001
55559
100
_a
245
_a
Muhammadan Law ; muslim qanoon
260
_a
Lahore
_b
Nigarishat
_c
2006
090
_c
34491
_d
34491
942
_a
NUST-CAE
_c
MONOGRAPH
_c
27215
999
_c
290632
_d
290632